[Event "Quebec-ch qual U2000"]
[Site "Montreal CAN"]
[Date "2005.10.08"]
[Round "2"]
[White "Forget, Luc"]
[Black "Duplessis, Jean-Roch"]
[Result "1-0"]
[WhiteElo "1916"]
[BlackElo "1706"]
[PlyCount "95"]
[GameId "2160767910834560"]
[EventDate "2005.10.08"]
[EventType "swiss"]
[EventRounds "3"]
[EventCountry "CAN"]
[SourceTitle "EXT 2009"]
[Source "ChessBase"]
[SourceDate "2008.11.26"]
[SourceVersion "1"]
[SourceVersionDate "2008.11.26"]
[SourceQuality "1"]

1. d4 c5 2. d5 d6 3. Nf3 e5 4. e4 f5 5. Nc3 f4 6. Nxe5 dxe5 7. Qh5+ Ke7 8. Qxe5+ Kf7 9. Bxf4 Nf6 10. Bc4 Qe8 11. Qc7+ Kg6 12. O-O-O Na6 13. Bxa6 bxa6 14. e5 Ng4 15. Rd2 Be7 16. h3 Rf8 17. g3 Nh6 18. e6 Bf6 19. h4 Bxc3 20. h5+ Kf6 21. bxc3 Bxe6 22. Qe5+ Kf7 23. dxe6+ Qxe6 24. Qxe6+ Kxe6 25. Re1+ Kf7 26. Rd7+ Kg8 27. Bxh6 gxh6 28. Ree7 Rxf2 29. Rg7+ Kf8 30. Rxh7 Ke8 31. Rc7 Rf1+ 32. Kd2 Rf8 33. Rce7+ Kd8 34. Rd7+ Kc8 35. Rc7+ Kd8 36. Rxc5 Rb8 37. Rxh6 Rb2 38. Rxa6 Rf2+ 39. Ke3 Rbxc2 40. Rxa7 Rce2+ 41. Kd3 Rd2+ 42. Kc4 Rc2 43. Rg5 Rf8 44. Ra8+ Ke7 45. Rxf8 Kxf8 46. a4 Ra2 47. a5 Ra4+ 48. Kb5 1-0

[Event "Quebec-ch qual U2000"]
[Site "Montreal CAN"]
[Date "2005.10.08"]
[Round "2"]
[White "Kenanu, Dariush"]
[Black "Hajiyev, Elshad"]
[Result "1/2-1/2"]
[WhiteElo "1908"]
[BlackElo "1967"]
[PlyCount "122"]
[GameId "2160767910834561"]
[EventDate "2005.10.08"]
[EventType "swiss"]
[EventRounds "3"]
[EventCountry "CAN"]
[SourceTitle "EXT 2009"]
[Source "ChessBase"]
[SourceDate "2008.11.26"]
[SourceVersion "1"]
[SourceVersionDate "2008.11.26"]
[SourceQuality "1"]

1. e4 c6 2. d4 d5 3. e5 Bf5 4. Nf3 e6 5. Be2 Nd7 6. O-O h6 7. b3 Ne7 8. c4 c5 9. Nc3 dxc4 10. bxc4 Nc6 11. d5 Ncxe5 12. Nxe5 Nxe5 13. f4 Nd7 14. dxe6 fxe6 15. g4 Bh7 16. f5 exf5 17. gxf5 Qf6 18. Bh5+ Kd8 19. Qe1 Be7 20. Nd5 Qe5 21. Bf4 Qxe1 22. Raxe1 Bf6 23. Bf7 Rc8 24. Nxf6 Nxf6 25. Be6 Rc6 26. Rd1+ Ke7 27. Rfe1 Rxe6 28. Rxe6+ Kf7 29. Re5 b6 30. Rd6 Re8 31. Rxe8 Kxe8 32. Bxh6 Kf7 33. Bg5 Bxf5 34. Bxf6 gxf6 35. a3 Be6 36. Rc6 Bxc4 37. Rc7+ Ke6 38. Rxa7 Bd3 39. Kf2 b5 40. Ke3 Bc2 41. Ra6+ Kf7 42. Rb6 Ba4 43. Rc6 c4 44. Kf4 Kg7 45. Rc5 Kg6 46. Kg3 Kg7 47. Kg4 Kg6 48. Rc7 Bd1+ 49. Kf4 Ba4 50. h3 Bc2 51. Rc5 Ba4 52. h4 Kg7 53. Kf5 Bc2+ 54. Ke6 Bb3 55. Ke7 Ba4 56. h5 f5 57. Rxf5 c3 58. Rc5 c2 59. Kd6 Kh6 60. Kc7 Bb3 61. Rc3 Kxh5 1/2-1/2

[Event "Quebec-ch qual U2000"]
[Site "Montreal CAN"]
[Date "2005.10.08"]
[Round "2"]
[White "Lamoureux, Yvon"]
[Black "Sauve, Richard"]
[Result "0-1"]
[WhiteElo "1779"]
[BlackElo "1875"]
[PlyCount "104"]
[GameId "2160767910834562"]
[EventDate "2005.10.08"]
[EventType "swiss"]
[EventRounds "3"]
[EventCountry "CAN"]
[SourceTitle "EXT 2009"]
[Source "ChessBase"]
[SourceDate "2008.11.26"]
[SourceVersion "1"]
[SourceVersionDate "2008.11.26"]
[SourceQuality "1"]

1. d4 e6 2. c4 d5 3. Nc3 c6 4. f3 dxc4 5. e4 b5 6. Be3 Nf6 7. b3 cxb3 8. Qxb3 Bb7 9. Nge2 Be7 10. Nf4 O-O 11. Be2 a6 12. O-O Nbd7 13. d5 cxd5 14. exd5 Nc5 15. Qc2 Bxd5 16. Rfd1 Rc8 17. Ncxd5 Nxd5 18. Nxd5 exd5 19. Qf5 g6 20. Qxd5 Qxd5 21. Rxd5 Rfe8 22. Kf2 Na4 23. Rd7 Rc2 24. Rd2 Rxd2 25. Bxd2 Bc5+ 26. Ke1 Nb2 27. Rb1 Nc4 28. Kd1 Rd8 29. Bxc4 bxc4 30. Kc2 Rc8 31. Re1 c3 32. Be3 Bd6 33. h3 Bg3 34. Rd1 Re8 35. Rd3 Be5 36. g4 f5 37. Bd4 Bxd4 38. Rxd4 fxg4 39. fxg4 Re2+ 40. Kxc3 Rxa2 41. g5 Ra3+ 42. Kb4 Rxh3 43. Ka5 Rh5 44. Rg4 h6 45. Kxa6 Rxg5 46. Re4 Rc5 47. Kb6 Rc1 48. Re7 h5 49. Kb5 h4 50. Re4 h3 51. Rh4 Rh1 52. Kc4 h2 0-1

[Event "Quebec-ch qual U2000"]
[Site "Montreal CAN"]
[Date "2005.10.08"]
[Round "2"]
[White "Muskat, Robert"]
[Black "Gauthier, Denis"]
[Result "0-1"]
[WhiteElo "1981"]
[BlackElo "1859"]
[PlyCount "122"]
[GameId "2160767910834563"]
[EventDate "2005.10.08"]
[EventType "swiss"]
[EventRounds "3"]
[EventCountry "CAN"]
[SourceTitle "EXT 2009"]
[Source "ChessBase"]
[SourceDate "2008.11.26"]
[SourceVersion "1"]
[SourceVersionDate "2008.11.26"]
[SourceQuality "1"]

1. d4 Nf6 2. Bg5 Ne4 3. Bf4 d6 4. Nf3 g6 5. Nbd2 Nf6 6. e4 Bg7 7. Bd3 O-O 8. O-O Nbd7 9. Qe2 c5 10. c3 b6 11. h3 Bb7 12. e5 Nd5 13. Bh2 cxd4 14. exd6 exd6 15. Nxd4 Re8 16. Qd1 Ne5 17. Bb5 Re7 18. Re1 a6 19. Bf1 Bh6 20. g3 Qd7 21. f4 Nc6 22. Rxe7 Qxe7 23. Nxc6 Bxc6 24. Qe1 Qd7 25. Bg2 Re8 26. Qf2 Ne3 27. Bxc6 Qxc6 28. Re1 Nf5 29. g4 Ne7 30. Qf3 Qc5+ 31. Kg2 Qb5 32. b3 Nc8 33. Rxe8+ Qxe8 34. Qe4 Qd7 35. c4 b5 36. Qa8 Bf8 37. Ne4 Qe6 38. Qd5 Qxd5 39. cxd5 Nb6 40. Nf6+ Kg7 41. g5 Be7 42. Bg1 Nc8 43. Ne8+ Kf8 44. Nc7 Bd8 45. Nxa6 Ne7 46. Nb4 Ba5 47. Nc6 Nxc6 48. dxc6 Ke7 49. Kf3 Kd8 50. Ke4 Kc7 51. Kd5 Bd2 52. Bh2 Bb4 53. Bg3 Bc5 54. Be1 b4 55. Bd2 Kb6 56. Bc1 Kc7 57. Bd2 Kb6 58. f5 gxf5 59. Bf4 Kc7 60. Bg3 Kc8 61. Bxd6 Bxd6 0-1

[Event "Quebec-ch qual U2000"]
[Site "Montreal CAN"]
[Date "2005.10.08"]
[Round "2"]
[White "Panayotov, Ivo"]
[Black "O'Connor, Michael"]
[Result "1-0"]
[WhiteElo "1841"]
[BlackElo "1795"]
[PlyCount "109"]
[GameId "2160767910834564"]
[EventDate "2005.10.08"]
[EventType "swiss"]
[EventRounds "3"]
[EventCountry "CAN"]
[SourceTitle "EXT 2009"]
[Source "ChessBase"]
[SourceDate "2008.11.26"]
[SourceVersion "1"]
[SourceVersionDate "2008.11.26"]
[SourceQuality "1"]

1. e4 c5 2. Nf3 Nc6 3. d4 cxd4 4. Nxd4 Nf6 5. Nc3 e5 6. Ndb5 d6 7. Bg5 a6 8. Na3 b5 9. Nd5 Be7 10. Bxf6 Bxf6 11. c3 O-O 12. Nc2 Bg5 13. Nce3 Rb8 14. Bd3 b4 15. c4 a5 16. O-O Kh8 17. Bc2 Nd4 18. f4 exf4 19. Nxf4 Ne6 20. Nfd5 Nc5 21. Qd4 Bd7 22. b3 Ne6 23. Qd3 Nc5 24. Qe2 Qe8 25. Rf3 Nxe4 26. Qd3 f5 27. Raf1 Nc5 28. Qd4 Ne6 29. Qa7 Bxe3+ 30. Rxe3 Ra8 31. Qb6 Qb8 32. Bxf5 Nc5 33. Bxd7 Nxd7 34. Qxb8 Raxb8 35. Rxf8+ Nxf8 36. Re7 Ra8 37. Nb6 Rb8 38. Nd7 Ng6 39. Re6 Rd8 40. Kf2 h6 41. Rxd6 Nf4 42. c5 Ne6 43. Rxe6 Rxd7 44. c6 Rd2+ 45. Re2 Rd8 46. Rc2 Kg8 47. Ke3 Kf7 48. c7 Rc8 49. Rc6 Ke7 50. Kd4 Kd7 51. Kc5 g5 52. Rd6+ Ke7 53. Kc6 h5 54. Rd7+ Ke8 55. Rd5 1-0

[Event "Quebec-ch qual U2000"]
[Site "Montreal CAN"]
[Date "2005.10.09"]
[Round "3"]
[White "Daniel, Robert"]
[Black "Sauve, Richard"]
[Result "1-0"]
[WhiteElo "1913"]
[BlackElo "1875"]
[PlyCount "103"]
[GameId "2160767910834565"]
[EventDate "2005.10.08"]
[EventType "swiss"]
[EventRounds "3"]
[EventCountry "CAN"]
[SourceTitle "EXT 2009"]
[Source "ChessBase"]
[SourceDate "2008.11.26"]
[SourceVersion "1"]
[SourceVersionDate "2008.11.26"]
[SourceQuality "1"]

1. e4 e6 2. d4 d5 3. e5 c5 4. c3 Qb6 5. Nf3 Nc6 6. Bd3 cxd4 7. cxd4 Bd7 8. O-O Nxd4 9. Nxd4 Qxd4 10. Nc3 a6 11. Re1 Ne7 12. Be3 Qxe5 13. Bc5 Qc7 14. Bd4 Bc6 15. Rc1 Qd7 16. Qh5 h6 17. f4 g6 18. Qh4 Rg8 19. g4 h5 20. h3 Bg7 21. Bc5 hxg4 22. hxg4 Rh8 23. Qg3 Bf6 24. Re2 Rc8 25. Rce1 Bb5 26. Bxe7 Bxe7 27. Nxb5 axb5 28. f5 gxf5 29. gxf5 Kf8 30. fxe6 fxe6 31. Bg6 Bc5+ 32. Kg2 Ke7 33. Qg5+ Kd6 34. Qf4+ Ke7 35. Rxe6+ Qxe6 36. Rxe6+ Kxe6 37. Bf5+ Ke7 38. Bxc8 Rxc8 39. Qe5+ Kd7 40. Qxd5+ Bd6 41. Qxb7+ Kd8 42. Qxb5 Rc2+ 43. Kf3 Rh2 44. a4 Ke7 45. a5 Rh3+ 46. Ke2 Rh8 47. Qb7+ Ke6 48. b3 Rh2+ 49. Kd1 Ra2 50. a6 Bc5 51. Qc6+ Bd6 52. b4 1-0

[Event "Quebec-ch qual U2000"]
[Site "Montreal CAN"]
[Date "2005.10.09"]
[Round "3"]
[White "Dimev, Kiril"]
[Black "Panayotov, Ivo"]
[Result "1-0"]
[WhiteElo "1988"]
[BlackElo "1841"]
[PlyCount "49"]
[GameId "2160767910834566"]
[EventDate "2005.10.08"]
[EventType "swiss"]
[EventRounds "3"]
[EventCountry "CAN"]
[SourceTitle "EXT 2009"]
[Source "ChessBase"]
[SourceDate "2008.11.26"]
[SourceVersion "1"]
[SourceVersionDate "2008.11.26"]
[SourceQuality "1"]

1. d4 Nf6 2. c4 e6 3. Nc3 d5 4. Nf3 Be7 5. Bf4 Nh5 6. e3 Nxf4 7. exf4 O-O 8. Bd3 dxc4 9. Bxc4 b6 10. O-O Bb7 11. Qe2 Nd7 12. Rad1 Nf6 13. Rfe1 Re8 14. Ne5 Nd5 15. Nxf7 Nxf4 16. Qg4 Kxf7 17. Rxe6 Nd5 18. Qf5+ Bf6 19. Nxd5 Rxe6 20. Nf4 g6 21. Qxe6+ Kg7 22. Qf7+ Kh8 23. Rd3 Qe7 24. Nxg6+ hxg6 25. Rh3+ 1-0

[Event "Quebec-ch qual U2000"]
[Site "Montreal CAN"]
[Date "2005.10.09"]
[Round "3"]
[White "Duplessis, Jean-Roch"]
[Black "Muskat, Robert"]
[Result "0-1"]
[WhiteElo "1706"]
[BlackElo "1981"]
[PlyCount "59"]
[GameId "2160767910834567"]
[EventDate "2005.10.08"]
[EventType "swiss"]
[EventRounds "3"]
[EventCountry "CAN"]
[SourceTitle "EXT 2009"]
[Source "ChessBase"]
[SourceDate "2008.11.26"]
[SourceVersion "1"]
[SourceVersionDate "2008.11.26"]
[SourceQuality "1"]

1. e4 d6 2. d4 Nf6 3. Nc3 g6 4. Bg5 Bg7 5. Qd2 O-O 6. Bh6 Nbd7 7. Bxg7 Kxg7 8. f4 e5 9. O-O-O Qe7 10. Be2 a6 11. g4 exf4 12. Qxf4 Re8 13. Rf1 c6 14. h4 Ng8 15. Bc4 Rf8 16. Nge2 b5 17. Bd3 Ndf6 18. h5 Nxg4 19. hxg6 hxg6 20. Qg3 Bd7 21. Rh4 N8f6 22. e5 dxe5 23. dxe5 Qxe5 24. Nf4 Qe3+ 25. Qxe3 Nxe3 26. Ne4 Nxf1 27. Nxf6 Kxf6 28. Ne2 Ne3 29. Re4 Nd5 30. c4 0-1

[Event "Quebec-ch qual U2000"]
[Site "Montreal CAN"]
[Date "2005.10.09"]
[Round "3"]
[White "Gauthier, Denis"]
[Black "Kenanu, Dariush"]
[Result "0-1"]
[WhiteElo "1859"]
[BlackElo "1908"]
[PlyCount "72"]
[GameId "2160767910834568"]
[EventDate "2005.10.08"]
[EventType "swiss"]
[EventRounds "3"]
[EventCountry "CAN"]
[SourceTitle "EXT 2009"]
[Source "ChessBase"]
[SourceDate "2008.11.26"]
[SourceVersion "1"]
[SourceVersionDate "2008.11.26"]
[SourceQuality "1"]

1. d4 Nf6 2. c4 g6 3. Nc3 Bg7 4. Nf3 O-O 5. Bf4 d6 6. h3 Nc6 7. e4 e5 8. dxe5 dxe5 9. Qxd8 Rxd8 10. Nxe5 Nb4 11. Rc1 Nh5 12. Bh2 Re8 13. a3 Na6 14. f4 Bh6 15. Nd3 Bf5 16. e5 Bxd3 17. Bxd3 Nxf4 18. Bxf4 Bxf4 19. Rd1 Rxe5+ 20. Kf2 Nc5 21. Nd5 Bg5 22. Nxc7 Rc8 23. Nd5 Nxd3+ 24. Rxd3 Rxc4 25. Rhd1 Rc2+ 26. Kf1 Rxb2 27. Nc3 Rf5+ 28. Rf3 Rxf3+ 29. gxf3 Rb3 30. Ne4 Rxf3+ 31. Kg2 Rf5 32. Nd6 Ra5 33. Rd3 b6 34. Ne4 Kg7 35. Kg3 Be7 36. Kf3 Rxa3 0-1

[Event "Quebec-ch qual U2000"]
[Site "Montreal CAN"]
[Date "2005.10.09"]
[Round "3"]
[White "Hajiyev, Elshad"]
[Black "Forget, Luc"]
[Result "1-0"]
[WhiteElo "1967"]
[BlackElo "1916"]
[PlyCount "79"]
[GameId "2160767910834569"]
[EventDate "2005.10.08"]
[EventType "swiss"]
[EventRounds "3"]
[EventCountry "CAN"]
[SourceTitle "EXT 2009"]
[Source "ChessBase"]
[SourceDate "2008.11.26"]
[SourceVersion "1"]
[SourceVersionDate "2008.11.26"]
[SourceQuality "1"]

1. e4 c6 2. c4 d5 3. exd5 cxd5 4. d4 Nf6 5. Nc3 Nc6 6. Be3 e6 7. Nf3 Be7 8. a3 O-O 9. Bd3 dxc4 10. Bxc4 b6 11. O-O Bb7 12. Qe2 Nd5 13. Nxd5 exd5 14. Bd3 Bf6 15. Rac1 g6 16. Bb5 Rc8 17. Bh6 Re8 18. Qd3 Re6 19. h3 Ne7 20. g4 Rxc1 21. Rxc1 Bg7 22. Bxg7 Kxg7 23. Ng5 Rd6 24. f4 Bc6 25. Ba6 Bd7 26. Qe3 f6 27. Bb7 h6 28. Nf3 Nc6 29. g5 hxg5 30. fxg5 Na5 31. gxf6+ Qxf6 32. Rc7 Nc4 33. Qe2 Kf8 34. Bxd5 Rxd5 35. Rxc4 Rh5 36. Rc7 Bxh3 37. Qe4 Rg5+ 38. Nxg5 Qxg5+ 39. Kh2 Qd8 40. Qf4+ 1-0

[Event "Quebec-ch qual U2000"]
[Site "Montreal CAN"]
[Date "2005.10.09"]
[Round "3"]
[White "Lemire-Paquin, Alexandre"]
[Black "Samson, Gaetan"]
[Result "1-0"]
[WhiteElo "1921"]
[BlackElo "1959"]
[PlyCount "129"]
[GameId "2160767910834570"]
[EventDate "2005.10.08"]
[EventType "swiss"]
[EventRounds "3"]
[EventCountry "CAN"]
[SourceTitle "EXT 2009"]
[Source "ChessBase"]
[SourceDate "2008.11.26"]
[SourceVersion "1"]
[SourceVersionDate "2008.11.26"]
[SourceQuality "1"]

1. d4 Nf6 2. c4 g6 3. Nf3 Bg7 4. g3 O-O 5. Bg2 d6 6. O-O Nbd7 7. Nc3 c5 8. d5 Nb6 9. Nd2 Bd7 10. Qc2 Qc8 11. b3 Bh3 12. Bb2 Bxg2 13. Kxg2 Nbd7 14. h3 a6 15. a4 Nh5 16. f4 e5 17. f5 Qd8 18. Nde4 Ndf6 19. Bc1 Nxe4 20. Nxe4 h6 21. Ra2 g5 22. e3 Rb8 23. g4 Nf6 24. Nc3 Nd7 25. e4 f6 26. Rh1 Rf7 27. h4 Bf8 28. Kf3 Rh7 29. Qh2 Qe7 30. Be3 Qg7 31. Qg1 Be7 32. Rah2 Kf7 33. Rh3 Rbh8 34. Qh2 h5 35. Qg2 hxg4+ 36. Qxg4 gxh4 37. Rxh4 Qxg4+ 38. Kxg4 Rxh4+ 39. Rxh4 Rxh4+ 40. Kxh4 Nf8 41. Kh5 Nh7 42. Bh6 Bd8 43. Ne2 Ba5 44. Ng1 Bc3 45. Nf3 Ba5 46. Nh4 Bd8 47. Ng6 b6 48. Nh4 Be7 49. Bd2 Bd8 50. Kh6 Nf8 51. Ng6 Nd7 52. Kh7 a5 53. Nh8+ Ke8 54. Bh6 Be7 55. Ng6 Kf7 56. Bg7 Bd8 57. Nh8+ Ke8 58. Kg6 Be7 59. Nf7 b5 60. axb5 Nb6 61. Bxf6 a4 62. bxa4 Nxc4 63. Bxe7 Kxe7 64. f6+ Kf8 65. Ng5 1-0

[Event "Quebec-ch qual U2000"]
[Site "Montreal CAN"]
[Date "2005.10.09"]
[Round "3"]
[White "O'Connor, Michael"]
[Black "Campbell, Martin-Alexandre"]
[Result "1-0"]
[WhiteElo "1795"]
[BlackElo "1809"]
[PlyCount "97"]
[GameId "2160767910834571"]
[EventDate "2005.10.08"]
[EventType "swiss"]
[EventRounds "3"]
[EventCountry "CAN"]
[SourceTitle "EXT 2009"]
[Source "ChessBase"]
[SourceDate "2008.11.26"]
[SourceVersion "1"]
[SourceVersionDate "2008.11.26"]
[SourceQuality "1"]

1. d4 Nf6 2. c4 c5 3. d5 e6 4. Nc3 exd5 5. cxd5 d6 6. e4 Be7 7. Be2 O-O 8. Nf3 Bg4 9. Nd2 Bxe2 10. Qxe2 Nbd7 11. O-O Re8 12. a4 Bf8 13. Nc4 Nb6 14. Bg5 Nxc4 15. Qxc4 Be7 16. f3 Nxd5 17. Nxd5 Bxg5 18. Rad1 a6 19. f4 Bh6 20. e5 b5 21. axb5 axb5 22. Qxb5 Qb8 23. Qxe8+ Qxe8 24. Nc7 Qb8 25. Nxa8 Qxa8 26. exd6 g6 27. d7 Qd8 28. Rfe1 Kf8 29. g3 Bg7 30. Re8+ Qxe8 31. dxe8=Q+ Kxe8 32. b3 Ke7 33. Kf2 Bd4+ 34. Rxd4 cxd4 35. Kf3 Kd6 36. Ke4 Kc5 37. g4 f6 38. h4 h6 39. Kd3 Kd5 40. b4 h5 41. gxh5 gxh5 42. f5 Ke5 43. b5 Kd5 44. b6 Kc6 45. Kxd4 Kxb6 46. Kd5 Kc7 47. Ke6 Kd8 48. Kxf6 Ke8 49. Kg7 1-0

[Event "Quebec-ch qual U2000"]
[Site "Montreal CAN"]
[Date "2005.10.09"]
[Round "3"]
[White "Ostaci, Liviu"]
[Black "Blais, Richard"]
[Result "1/2-1/2"]
[WhiteElo "1874"]
[BlackElo "1784"]
[PlyCount "144"]
[GameId "2160767910834572"]
[EventDate "2005.10.08"]
[EventType "swiss"]
[EventRounds "3"]
[EventCountry "CAN"]
[SourceTitle "EXT 2009"]
[Source "ChessBase"]
[SourceDate "2008.11.26"]
[SourceVersion "1"]
[SourceVersionDate "2008.11.26"]
[SourceQuality "1"]

1. b3 d5 2. Nf3 Nf6 3. Bb2 e6 4. e3 Bd6 5. d4 O-O 6. Bd3 Nbd7 7. Ne5 Ne8 8. Nd2 f5 9. f4 Nef6 10. O-O Ne4 11. Bxe4 fxe4 12. Nxd7 Bxd7 13. a4 c5 14. c4 Qe7 15. dxc5 Bxc5 16. Qe2 Bc6 17. cxd5 exd5 18. Rac1 a6 19. Rc2 Bb6 20. Nb1 Qe6 21. Nd2 Rad8 22. Rcc1 Rf7 23. Rcd1 Rfd7 24. Rfe1 Ba5 25. Bd4 b5 26. Ra1 bxa4 27. bxa4 Rb7 28. Rf1 Qd7 29. f5 Bxa4 30. f6 gxf6 31. Qxa6 Bxd2 32. Rxa4 Rf8 33. Ra2 Bxe3+ 34. Bxe3 d4 35. Qc4+ Qf7 36. Qxf7+ Rbxf7 37. Bxd4 f5 38. Ra3 f4 39. Ra7 Rxa7 40. Bxa7 Kg7 41. g3 f3 42. Re1 Re8 43. Kf2 Kf6 44. g4 h5 45. gxh5 Kg5 46. Kg3 Kxh5 47. Kh3 Kg5 48. Be3+ Kf5 49. Rg1 Rh8+ 50. Kg3 Rg8+ 51. Kf2 Rxg1 52. Kxg1 Kg4 53. Kf2 Kh3 54. Bf4 Kg4 55. Bd6 Kh3 56. Bg3 Kg4 57. Ke3 Kh3 58. Kf2 Kg4 59. Bc7 Kh3 60. Bd6 Kg4 61. Be7 Kh3 62. Bg5 Kxh2 63. Ke3 Kg3 64. Bf6 f2 65. Bh4+ Kxh4 66. Kxf2 Kg4 67. Ke2 Kf4 68. Kf2 e3+ 69. Ke2 Ke4 70. Ke1 Kf3 71. Kf1 e2+ 72. Ke1 Ke3 1/2-1/2

[Event "Quebec-ch qual U2000"]
[Site "Montreal CAN"]
[Date "2005.10.09"]
[Round "3"]
[White "Petit, Raymond"]
[Black "Crete, Michel"]
[Result "0-1"]
[WhiteElo "1752"]
[BlackElo "1847"]
[PlyCount "80"]
[GameId "2160767910834573"]
[EventDate "2005.10.08"]
[EventType "swiss"]
[EventRounds "3"]
[EventCountry "CAN"]
[SourceTitle "EXT 2009"]
[Source "ChessBase"]
[SourceDate "2008.11.26"]
[SourceVersion "1"]
[SourceVersionDate "2008.11.26"]
[SourceQuality "1"]

1. d4 d5 2. c4 e6 3. Nc3 c5 4. cxd5 exd5 5. Nf3 Nc6 6. g3 Nf6 7. Bg2 Be7 8. O-O O-O 9. b3 Bg4 10. dxc5 Bxc5 11. Na4 Be7 12. Bb2 Re8 13. Rc1 Qa5 14. Re1 Ne4 15. Nd4 Bb4 16. Nxc6 bxc6 17. Qd4 f6 18. Nc3 Nxf2 19. Qxf2 Bc5 20. e3 Rxe3 21. Rxe3 d4 22. Re5 fxe5 23. Na4 Bb4 24. Rxc6 Rf8 25. Qc2 Be1 26. Qc4+ Kh8 27. Ba3 Bf2+ 28. Kh1 Re8 29. Bb4 Qd8 30. Qf7 Be3 31. Rc7 Bh6 32. Rxa7 e4 33. Nb2 Be6 34. Qh5 Qc8 35. Qd1 Bg4 36. Qe1 Qc2 37. Nc4 e3 38. Nd6 Qf2 39. Qxf2 exf2 40. Nxe8 Bf3 0-1

[Event "Quebec-ch qual U2000a"]
[Site "Montreal CAN"]
[Date "2005.07.15"]
[Round "1"]
[White "Morin, Louis"]
[Black "O'Connor, Michael"]
[Result "1-0"]
[WhiteElo "1992"]
[BlackElo "1770"]
[PlyCount "83"]
[GameId "2160767910901250"]
[EventDate "2005.07.15"]
[EventType "swiss"]
[EventRounds "9"]
[EventCountry "CAN"]
[SourceTitle "EXT 2009"]
[Source "ChessBase"]
[SourceDate "2008.11.26"]
[SourceVersion "1"]
[SourceVersionDate "2008.11.26"]
[SourceQuality "1"]

1. e4 c5 2. d4 cxd4 3. c3 dxc3 4. Nxc3 d6 5. Nf3 e6 6. Bc4 a6 7. O-O Be7 8. Qe2 b5 9. Bb3 Bb7 10. Rd1 Nd7 11. Bf4 Qb6 12. a4 Ngf6 13. axb5 Nc5 14. Bc2 O-O 15. Be3 a5 16. Na4 Qc7 17. Nxc5 dxc5 18. Qc4 Nd7 19. Bd4 Nb6 20. Qc3 g6 21. Be5 Qc8 22. Rxa5 Rxa5 23. Qxa5 Nc4 24. Qc3 Nxe5 25. Qxe5 Rd8 26. Rxd8+ Qxd8 27. Qc3 Qd7 28. Bd3 Bd8 29. Kf1 Ba5 30. Qc4 Qd6 31. Ke2 Bb4 32. g3 h6 33. Bc2 Kg7 34. Qd3 Qe7 35. h4 Qf6 36. b3 Qe7 37. Nd2 f5 38. e5 Qc7 39. Qd6 Qxd6 40. exd6 c4 41. d7 Ba5 42. bxc4 1-0

[Event "Quebec-ch qual U2000a"]
[Site "Montreal CAN"]
[Date "2005.07.16"]
[Round "2"]
[White "O'Connor, Michael"]
[Black "Chabot, Jean Francois"]
[Result "1-0"]
[WhiteElo "1770"]
[BlackElo "1953"]
[PlyCount "69"]
[GameId "2160767910901251"]
[EventDate "2005.07.15"]
[EventType "swiss"]
[EventRounds "9"]
[EventCountry "CAN"]
[SourceTitle "EXT 2009"]
[Source "ChessBase"]
[SourceDate "2008.11.26"]
[SourceVersion "1"]
[SourceVersionDate "2008.11.26"]
[SourceQuality "1"]

1. d4 Nf6 2. Nf3 g6 3. c4 Bg7 4. Nc3 O-O 5. e4 d6 6. Be2 c6 7. h3 Nbd7 8. O-O e5 9. d5 Nc5 10. Qc2 a5 11. Bg5 Qc7 12. Nd2 Nfd7 13. Be7 Re8 14. Bg5 h6 15. Bh4 Nb8 16. b3 f5 17. f3 Nba6 18. a3 Qf7 19. Rab1 g5 20. Bf2 f4 21. b4 Nd7 22. c5 Qg6 23. cxd6 axb4 24. axb4 Qxd6 25. b5 Nac5 26. bxc6 bxc6 27. dxc6 Qxc6 28. Bc4+ Kh8 29. Bd5 Qa6 30. Bxa8 Qxa8 31. Nd5 Qa3 32. Nc4 Qd3 33. Qxd3 Nxd3 34. Nd6 Rd8 35. Nf7+ 1-0

[Event "Quebec-ch qual U2000a"]
[Site "Montreal CAN"]
[Date "2005.07.16"]
[Round "2"]
[White "Xiong, Jerry"]
[Black "Dimev, Kiril"]
[Result "0-1"]
[WhiteElo "1889"]
[BlackElo "1834"]
[PlyCount "84"]
[GameId "2160767910901252"]
[EventDate "2005.07.15"]
[EventType "swiss"]
[EventRounds "9"]
[EventCountry "CAN"]
[SourceTitle "EXT 2009"]
[Source "ChessBase"]
[SourceDate "2008.11.26"]
[SourceVersion "1"]
[SourceVersionDate "2008.11.26"]
[SourceQuality "1"]

1. e4 e5 2. f4 exf4 3. Nf3 Nf6 4. Nc3 d5 5. e5 Ne4 6. d4 Bb4 7. Bd2 Bg4 8. Nxe4 dxe4 9. Bxb4 exf3 10. gxf3 Qh4+ 11. Ke2 Bf5 12. Be1 Qh6 13. Qd2 Nc6 14. Bf2 O-O-O 15. Qc3 f6 16. Rd1 Rhe8 17. Rd2 fxe5 18. dxe5 Rxe5+ 19. Kd1 Rxd2+ 20. Kxd2 Qd6+ 21. Kc1 Nb4 22. Bc4 Re2 23. Bc5 Qg6 24. Qxb4 Rxc2+ 25. Kd1 Qg2 26. Rf1 Rxb2 27. Rf2 Qxf2 28. Bxf2 Rxb4 29. Bb3 g5 30. Kd2 Rb5 31. Bd4 Rb6 32. Bxb6 axb6 33. Bd1 Kd7 34. Kc3 Kd6 35. Kd4 c5+ 36. Kc4 Bd7 37. a4 Ke5 38. Kb3 h6 39. Kc3 b5 40. a5 Be6 41. Be2 b4+ 42. Kb2 Kd4 0-1

[Event "Quebec-ch qual U2000a"]
[Site "Montreal CAN"]
[Date "2005.07.16"]
[Round "3"]
[White "Chesnut, Walter"]
[Black "Lalumiere, Claude"]
[Result "0-1"]
[WhiteElo "1436"]
[BlackElo "1861"]
[PlyCount "44"]
[GameId "2160767910901253"]
[EventDate "2005.07.15"]
[EventType "swiss"]
[EventRounds "9"]
[EventCountry "CAN"]
[SourceTitle "EXT 2009"]
[Source "ChessBase"]
[SourceDate "2008.11.26"]
[SourceVersion "1"]
[SourceVersionDate "2008.11.26"]
[SourceQuality "1"]

1. e4 c5 2. Nf3 d6 3. d4 cxd4 4. Nxd4 Nf6 5. Nc3 a6 6. Be2 e6 7. O-O Be7 8. Re1 O-O 9. Bf3 Qc7 10. Bg5 Nbd7 11. Nce2 Ne5 12. Ng3 h6 13. Bxf6 Bxf6 14. c3 b5 15. Nh5 Be7 16. Bg4 g6 17. Ng3 Kh7 18. f4 Nxg4 19. Qxg4 e5 20. f5 exd4 21. cxd4 Bf6 22. Re3 Bxd4 0-1

[Event "Quebec-ch qual U2000a"]
[Site "Montreal CAN"]
[Date "2005.07.16"]
[Round "3"]
[White "Duplessis, Jean-Roch"]
[Black "Xiong, Jerry"]
[Result "0-1"]
[WhiteElo "1688"]
[BlackElo "1889"]
[PlyCount "84"]
[GameId "2160767910901254"]
[EventDate "2005.07.15"]
[EventType "swiss"]
[EventRounds "9"]
[EventCountry "CAN"]
[SourceTitle "EXT 2009"]
[Source "ChessBase"]
[SourceDate "2008.11.26"]
[SourceVersion "1"]
[SourceVersionDate "2008.11.26"]
[SourceQuality "1"]

1. e4 c5 2. Nf3 Nc6 3. Bb5 d6 4. O-O Bg4 5. c3 Nf6 6. Re1 Qb6 7. Bxc6+ Qxc6 8. d4 cxd4 9. cxd4 g6 10. Nc3 Bg7 11. Bg5 h6 12. Bxf6 Bxf6 13. Rc1 Qd7 14. Nd5 O-O 15. Nxf6+ exf6 16. h3 Bxf3 17. Qxf3 Kg7 18. Rc4 Rac8 19. Rec1 Rxc4 20. Rxc4 Re8 21. d5 Qb5 22. Qc3 Re7 23. Qd4 b6 24. Rc6 Rd7 25. Qc3 Qe2 26. Qb4 Qd1+ 27. Kh2 Qh5 28. f4 Qh4 29. g3 Qh5 30. g4 Qh4 31. Kg2 h5 32. Rxd6 Rxd6 33. Qxd6 hxg4 34. hxg4 Qxg4+ 35. Kf2 Qc8 36. Qc6 Qg4 37. Ke3 Qg3+ 38. Kd4 Qf2+ 39. Kc3 Qe3+ 40. Kb4 Qc5+ 41. Qxc5 bxc5+ 42. Kxc5 Kf8 0-1